000 00427nam a2200193Ia 4500
008 210210b1897 xxu||||| |||| 00| 0 eng d
041 _aeng
082 _a821/298
100 _aHOOD (T)
245 _aSerious poems Vol I
260 _aNew York
_bMacmillan & Co. Ltd.
_c1897
440 _aI
650 _aVol
650 _aSerious
650 _apoems
650 _aI
690 _aEnglish Literature
906 _a011468
999 _c130145
_d130145